| 000 | 00893nam a22002897a 4500 | ||
|---|---|---|---|
| 003 | CHAP | ||
| 005 | 20220329135528.0 | ||
| 008 | 971013s r 00010 d | ||
| 010 | _a38090 | ||
| 011 | _a39062 | ||
| 035 | _a43182 | ||
| 040 | _cCHAP | ||
| 090 | _aR-638 | ||
| 100 | 0 | 0 |
_aMiranda Colín, Salvador. _976065 |
| 245 | _aOrígen de Phaseolus vulgaris L. (frijol común) | ||
| 500 | _aSobretiro de: Agrociencia, 1(2):99-109, 1967 | ||
| 590 |
_aBATCH-UPD _b10 _c20130110 _lUCH01 _h1442 |
||
| 590 |
_aBATCH-UPD _b10 _c20130410 _lUCH01 _h0913 |
||
| 590 |
_aBATCH-UPD _b10 _c20130914 _lUCH01 _h1438 |
||
| 590 |
_aCONVERSION _b10 _c20130109 _lUCH01 _h1321 |
||
| 650 | 1 | 4 |
_aFrijol. _943319 |
| 901 | _aBK | ||
| 942 | _cREIMP | ||
| 949 |
_aR-638 _bBC _cR _d-99125 _eTS1 _i43182 _si |
||
| 949 |
_aR-638 _bBC _cR _d-99127 _eTS1 _fc.3 _i43182 _si |
||
| 949 |
_aR-638 _bBC _cUACH _d-99126 _eUACH _fc.2 _i43182 _si |
||
| 999 |
_c38090 _d38090 |
||